Регионална библиотека "Любен Каравелов" - Русе

Естетическото възпитание в семейството (Запис номер 122885)

MARC детайли
000 -Лидер
Контролно поле с фиксирана дължина nam a22 a 4500
003 - Код на организацията, давaща контролен номер
Контролно поле BLK
005 - Дата и час на последна редакция
Контролно поле 20221116101931.0
008 - Елементи от данни с фиксирана дължина
fixed length control field 180409b bul|||||r ||||||| ||bul||
010 ## - Наследен системен номер
LC control number KNG00128538000
040 ## - Източник на каталожния запис
Идентификатор на билиотеката - собственик на записа BLK
041 ## - Код за език
Код за езика на текст/звукозапис или на отделно заглавие Български
Код за езика КДБФ Български
080 ## - УДК
Текстов определител УДК Естетическо възпитание
УДК код - определител по УДК 37.036
УДК - код + определител 37.036
080 ## - УДК
Текстов определител УДК Възпитание у дома. Семейно възпитание
УДК код - определител по УДК 37.018.1
УДК - код + определител 37.018.1
100 1# - Редна дума - Автор
Автор Атанасов, Жечо Господинов
Авторска отговорност първи автор
R(LIN) 364564
139 ## - Редно поле
Редна дума Атанасов, Жечо Господинов
Авторски знак Ат - А 93
245 10 - Сведения за заглавието
Заглавие Естетическото възпитание в семейството
Подзаглавни данни Науч.-попул. очерк
Редно поле (дума) Жечо Господинов Атанасов.
257 ## - Страна на издаване
Страна на създаване/издаване България
260 ## - Област на издателските данни
Място на издаване, разпространение и проч. София
Име на издателя, разпространителя и проч. Нар. просв.
Година на издаване 1978
Печатница (В. Търново : Д. Найденов)
300 ## - Физическа характеристика
Страници 120 с.
Размери/Мащаб 20 см
380 ## - Жанр
Жанр Обществени науки
490 1# - СЕРИИ (Колекции)
Име на серия Библиотека за родителя
500 ## - Общи забележки
Забележка 6 105 тир.
650 #4 - Допълнително описание по предмет – тема
Основно описание – тема или топоним Естетическо възпитание - в семейството
9 (RLIN) 309470
650 #4 - Допълнително описание по предмет – тема
Основно описание – тема или топоним Семейно възпитание
9 (RLIN) 263959
653 ## - Ключова дума – ненормативна
Ключова дума естетическо възпитание
653 ## - Ключова дума – ненормативна
Ключова дума семейно възпитание
852 ## - Местоположение
Форматна сигнатура Цб 95151
Фондова буква Хранилище
856 4# - Електронен адрес и достъп
Електронен формат pdf - файл
Инструкция (цена за достъп) 0.00
Права за достъп disable
999 ## - СИСТЕМНИ КОНТРОЛНИ НОМЕРА
Koha biblionumber 122885
Koha biblioitemnumber 122885
942 ## - АРТИКУЛИ
Вид на библиотечния материал Книги
Скрит в OPAC Не
Периодичен библиозапис Да
944 ## - СЪЗДАВАНЕ И РЕДАКЦИЯ на ЗАПИСА
Създаване/Редакция Създаване
Дата на регистрацията/редакция 08.03.2012
Статус, дата на статуса 08.03.2012 - от С1,Р / 08.03.2012
Служител, извършил регистрацията/редакцията Наталия_Медовщикова
944 ## - СЪЗДАВАНЕ И РЕДАКЦИЯ на ЗАПИСА
Създаване/Редакция Редакция
Дата на регистрацията/редакция 2022-11-16
Статус, дата на статуса 2022-11-16
Наличности
Код за отписване Код за изгубен артикул Източник на класификационната схема Код за повреда Коз за рестрикции Код за отдаване Артикулен № Име на библиотеката - собственик Име на библиотеката, в която се намира в момента Статус (Текущо местоположение) Дата на вписване в системата Местоположение - отдел Цена в лева Инвентарен номер Систематично азбучна сигнатура Баркод Номер на екземпляра Цена в евро Служебна бележка Служебен тип на артикула
  Не е изгубен Universal Decimal Classification Не е повреден само за читалня ползва се в читалня 198852 Регионална библиотека "Любен Каравелов" Русе Регионална библиотека "Любен Каравелов" Русе Хранилище 1978-01-01 Хранилище 0.44 269702 Цб 95151 120000269702 1 0.22 N: стар фонд Дата: 01.01.1978 Книги
Изтеглен Не е изгубен Universal Decimal Classification Не е повреден без рестрикции заемане за дома 198853 Регионална библиотека "Любен Каравелов" Русе Регионална библиотека "Любен Каравелов" Русе Заемна - подръчен фонд 1978-01-01 Заемна - подръчен фонд 0.44 271857 П 37.036/А 93 271857 2 0.22 N: стар фонд Дата: 01.01.1978 Книги
Изтеглен Не е изгубен Universal Decimal Classification Не е повреден без рестрикции заемане за дома 198854 Регионална библиотека "Любен Каравелов" Русе Регионална библиотека "Любен Каравелов" Русе Заемна - подръчен фонд 1978-01-01 Заемна - подръчен фонд 0.44 271858 П 37.036/А 93 271858 3 0.22 N: стар фонд Дата: 01.01.1978 Книги
Vip Innovations Ltd, Rousse, Bulgaria 2025